书目信息 |
| 题名: |
地理科学与现代科学技术体系
|
|
| 作者: | 马蔼乃 著 | |
| 分册: | ||
| 出版信息: | 北京 科学出版社 2011 |
|
| 页数: | 310页 | |
| 开本: | 24cm | |
| 丛书名: | 钱学森科学技术思想研究丛书 | |
| 单 册: | ||
| 中图分类: | G304 | |
| 科图分类: | ||
| 主题词: | ||
| 电子资源: | ||
| ISBN: | 978-7-03-032186-2 | |
| 000 | 01093nam0 22002651 450 | |
| 001 | 0101082552 | |
| 005 | 20161202083325.21 | |
| 010 | @a978-7-03-032186-2@b精装@dCNY88.00 | |
| 100 | @a20111018d2011 em y0chiy50 ea | |
| 101 | 0 | @achi |
| 102 | @aCN@b110000 | |
| 105 | @aa z 000yy | |
| 106 | @ar | |
| 200 | 1 | @a地理科学与现代科学技术体系@ADi Li Ke Xue Yu Xian Dai Ke Xue Ji Shu Ti Xi@f马蔼乃著 |
| 210 | @a北京@c科学出版社@d2011 | |
| 215 | @a310页@c图@d24cm | |
| 225 | 2 | @a钱学森科学技术思想研究丛书@AQian Xue Sen Ke Xue Ji Shu Si Xiang Yan Jiu Cong Shu |
| 300 | @a国家出版基金项目 | |
| 330 | @a本书共十四章,内容包括:钱学森现代科学思想中的地理科学、地理科学与建筑科学、系统科学与地理系统、地理数学与数学科学、地理科学与社会科学、地理科学与军事科学、地理思维与思维科学、地理科学与美学艺术、和谐社会与和谐世界等。 | |
| 461 | 0 | @12001 @a钱学森科学技术思想研究丛书 |
| 600 | 0 | @a钱学森@AQian Xue Sen@f(1911-2009)@x科学体系学@x思想评论 |
| 690 | @aG304@v5 | |
| 701 | 0 | @a马蔼乃@AMa Ai Nai@c(女,@f1936.11~)@4著 |
| 801 | 0 | @aCN@bTANGWEI@c20161128 |
| 905 | @b0952569-72@dG304@e186@f4 | |
| 地理科学与现代科学技术体系/马蔼乃著.-北京:科学出版社,2011 |
| 310页:图;24cm.-(钱学森科学技术思想研究丛书) |
| 国家出版基金项目 |
| ISBN 978-7-03-032186-2(精装):CNY88.00 |
| 本书共十四章,内容包括:钱学森现代科学思想中的地理科学、地理科学与建筑科学、系统科学与地理系统、地理数学与数学科学、地理科学与社会科学、地理科学与军事科学、地理思维与思维科学、地理科学与美学艺术、和谐社会与和谐世界等。 |
| ● |
| 相关链接 |
|
|
|
|
正题名:地理科学与现代科学技术体系
索取号:G304/186
 
预约/预借
| 序号 | 登录号 | 条形码 | 馆藏地/架位号 | 状态 | 备注 |
| 1 | 0952569 | 209525691 | 第一样本阅览室/ [索取号:G304/186] | 在馆 | |
| 2 | 0952570 | 209525708 | 第四借阅区/ [索取号:G304/186] | 在馆 | |
| 3 | 0952571 | 209525717 | 第四借阅区/ [索取号:G304/186] | 在馆 | |
| 4 | 0952572 | 209525726 | 第四借阅区/ [索取号:G304/186] | 在馆 |